000 00776cam a2200217 4500
001 WB3605-19
008 000000n2000 000 0 eng u
035 _a(Sirsi) u103909
245 _aGlobal deal agreed on GM food
260 _c2000
490 _aFinancial Times
_v 31 January 2000, 11
490 _aTimes
_v 31 January 2000, 8(2)
520 _aMore than 130 countries have worked out a protocol which aims to regulate trade in GM crops. This is the first agreement completed under the 1992 UN Convention on Biological Diversity.
590 _aWB
650 _aGENETICALLY MODIFIED CROPS
650 _aGENETICALLY MODIFIED CROPS
650 _aWORLD TRADE ORGANISATION
650 _aUNITED NATIONS
690 _aENVIRONMENTAL AND LAND CONSULTANCY
942 _n0
999 _c62371
_d62371